000 00542nam a2200217Ia 4500
003 OSt
005 20220928141754.0
006 a|||||r|||| 00| 0
007 ta
008 220927b |||||||| |||| 00| 0 eng d
024 _a17579
037 _cTextual
040 _aSDCL
_cSDCL
_beng
041 _2eng
_aeng
082 _aO15:gx, P0
100 _aPandey Ramratan
_9502156
245 0 _aAnupalabhadha - Sanskrit - roopak.
260 _c2000
942 _hO15:gx, P0
_cTEXL
_2CC
999 _c819900
_d819900